000 00463nam a2200169 i 4500
001 22709
003 ES-MaACL
005 20230906152738.0
007 t|
008 021204s1982 sp ||||1| spa d
100 1 _aAlonso Olea, Manuel.
_920374
245 1 0 _aInstituciones de Seguridad Social /
_cManuel Alonso Olea.
250 _a8ยช ed. rev.
260 _a[Madrid] :
_bCivitas,
_c[1982]
300 _a432 p. ;
_c25 cm.
852 _aES-MaACL
_jL-1910
_bR.102761
999 _c22709
_d22709